Religion Quiz

Random Religion or Food Quiz

Foods Named in the Bible Quiz Stats

 Plays Quiz Updated Mar 28, 2012

Challenge
Share
Tweet
Embed
Score 0/57 Timer 10:00
4 Plays Today
Food Group Food % Correct
FruitsApples
90.3%
LiquidsWine
88%
DairyMilk
86.6%
Grain & Grain productsUnleavened Bread
80.5%
Grain & Grain productsBread
80.3%
DairyCheese
73.6%
Animals / MeatsFish
70.5%
FruitsGrapes
69.7%
Grain & Grain productsSpelt
69.7%
Grain & Grain productsWheat
69.4%
Animals / MeatsLamb
68%
LiquidsGrape Juice
66%
Seasonings, Spices and HerbsSalt
62.3%
Animals / MeatsGoat
54.6%
FruitsFigs
50.9%
Vegetables and LegumesBeans
48.6%
LiquidsHoney
48.3%
NutsAlmonds
46.5%
Grain & Grain productsCorn
45.8%
Animals / MeatsSheep
44.7%
FruitsDates
43.4%
FruitsOlives
41.1%
LiquidsOlive Oil
40.3%
Grain & Grain productsBarley
39.8%
DairyButter
36.7%
LiquidsEggs
35.8%
Vegetables and LegumesOnions
31.6%
Animals / MeatsCalf
31%
Seasonings, Spices and HerbsCinnamon
29.6%
Food Group Food % Correct
Seasonings, Spices and HerbsGarlic
28.2%
FruitsMelons
27.1%
Animals / MeatsVenison
27.1%
FruitsPomegranates
26.6%
Animals / MeatsOxen
23%
Animals / MeatsDove
22.9%
Animals / MeatsQuail
22%
Seasonings, Spices and HerbsCumin
20.9%
DairyCurds
20.9%
Grain & Grain productsFlour
20.3%
FruitsRaisins
19.5%
Animals / MeatsLocust
19.2%
Vegetables and LegumesCucumbers
18.9%
Vegetables and LegumesLentils
18.6%
Seasonings, Spices and HerbsMustard
17.9%
LiquidsVinegar
17.5%
Animals / MeatsPigeon
17.2%
NutsPistachio Nuts
15%
Seasonings, Spices and HerbsMint
15%
Vegetables and LegumesLeeks
14.7%
Seasonings, Spices and HerbsCoriander
12.6%
Seasonings, Spices and HerbsDill
10.8%
Seasonings, Spices and HerbsAnise
8.2%
Grain & Grain productsMillet
8.1%
Vegetables and LegumesGourds
7.1%
Animals / MeatsPartridge
6.8%
Seasonings, Spices and HerbsRue
5.1%
FruitsSycamore Fruit
4.9%

You're not logged in!

Compare scores with friends on all Sporcle quizzes.
Join for Free
OR
Log In

You Might Also Like...

Show Comments

Extras

Top Quizzes Today


Score Distribution

Your Account Isn't Verified!

In order to create a playlist on Sporcle, you need to verify the email address you used during registration. Go to your Sporcle Settings to finish the process.

Report this User

Report this user for behavior that violates our Community Guidelines.

Details: